000 00238 a2200097 4500
001 12733
100 _aCarter,R.G
245 _aElectromagnetism for Electronic Engineers
260 _aLondon
_bchapman and Hall
_c1992
090 _c9732
_d9732
942 _aNUST-CAE
_cM
_c36636
999 _c247806
_d247806